Guess The NBA Player By Nickname - Statistics

General Stats
  • This quiz has been taken 68 times
  • The average score is 25 of 32
Answer Stats
Hint Answer % Correct
Black Mamba Kobe Bryant
98%
Big Diesel (Original Superman) Shaquille O'Neal
98%
King LeBron James
96%
The G.O.A.T. Michael Jordan
95%
The Greek Freak Giannis Antetokounmpo
93%
The Beard James Harden
93%
CP3 Chris Paul
91%
The Brow Anthony Davis
89%
Ant-Man Anthony Edwards
89%
Dr. J Julius Erving
89%
Uncle Drew Kyrie Irving
89%
Slim Reaper Kevin Durant
88%
Chef Stephen Curry
86%
The Answer Allen Iverson
82%
The Dream Hakeem Olajuwon
82%
The Mailman Karl Malone
82%
The Big Fundamental Tim Duncan
82%
The Klaw Kawhi Leonard
80%
Mr. Triple Double (Brody) Russell Westbrook
80%
Pistol Pete Pete Maravich
79%
Spida Donovan Mitchell
75%
German Angel Dirk Nowitzki
73%
Superman Dwight Howard
73%
The Glove Gary Payton
73%
White Chocolate Jason Williams
73%
The Hick From French Lick Larry Bird
73%
The Big O Oscar Robertson
71%
Big Ticket Kevin Garnett
70%
The Flash Dwyane Wade
63%
Iceman George Gervin
59%
Human Highlight Film Dominique Wilkins
57%
Mighty Mouse Damon Stoudamire
23%
No matching quizzes found
Score Distribution
Percent of People with Each Score
Percentile by Number Answered
Your Score History
You have not taken this quiz